000 00583nam a2200229Ia 4500
003 OSt
005 20220928144614.0
006 a|||||r|||| 00| 0
007 ta
008 220927b |||||||| |||| 00| 0 eng d
024 _a72506
037 _cTextual
040 _aSDCL
_cSDCL
_beng
041 _2eng
_aeng
082 _aB43, L7
100 _aCarmona J Ed.
_9508716
245 0 _aNon- commutative harmonic analysis.
260 _c1977
700 _a Vergne M Ed.
_9508717
942 _hB43, L7
_cTEXL
_2CC
999 _c828494
_d828494